La historia del tango /
Guardado en:
| Autor Principal: | |
|---|---|
| Formato: | Libro |
| Publicado: |
Buenos Aires :
Corregidor,
1977
|
| Series: | Serie Mayor; No. 183
|
| Materias: | |
| Etiquetas: |
Agregar Etiqueta
Sin Etiquetas, Sea el primero en etiquetar este registro!
|
| LEADER | 00725nam a22002175a 4500 | ||
|---|---|---|---|
| 001 | CEM.cems008961 | ||
| 005 | 20090918091523.0 | ||
| 008 | 130507s1977##################000#0#####d | ||
| 003 | CEMS | ||
| 082 | 0 | 4 | |a 784.4 |
| 100 | 1 | |a Martini, Juan Carlos | |
| 245 | 1 | 0 | |a La historia del tango / |c Coordinado Por Juan Carlos Martini |
| 260 | |a Buenos Aires : |b Corregidor, |c 1977 | ||
| 300 | |a 511 p. | ||
| 490 | 0 | |a Serie Mayor; No. 183 | |
| 505 | 0 | |a La guardia vieja / Rubén Pesce -- Angel Villoldo / Oscar del Priore -- Ricardo Guiraldes y el tango / Silvestre Byron | |
| 653 | |a Música | ||
| 653 | |a Tango | ||
| 653 | |a Historia del tango | ||
| 653 | |a Tango-historia | ||
| 859 | |a CEMS |b BIB. CEMS - 11 de abril |h 784.4 |i M366 |p 18530.95 |t Ej.1 |v 3 |3 3 | ||
